000 00454nam a2200181Ia 4500
001 2719
005 20260306144827.0
008 260306t1996||||xx |||||||||||||| ||spa||
041 _aESP
082 _a218
_bG85 1996
100 _aGuardini, Romano
_eAUT
245 0 _aEl fin de la modernidad:
_bquien sabe de Dios conoce al hombre
260 _c1996
300 _a187 páginas :
_c21cm.
650 _aGEN
654 _aCHU
942 _cLIB
_dJUS
_fJUS
_2ddc
_n
999 _c2719
_d2719